=LDR 00000nam 2200000 4500 =001 INLIS000000000026422 =005 20130612124850 =008 ***********************************Ind** =035 ##$$0010-061300000026422 =041 ##$$a Ind =082 ##$$a 371.1 =090 ##$$a 371.1, Smi g =100 ##$$a Smith, Samuel =245 ##$$a Gagasan-gagasan besar tokoh-tokoh dalam bidang pendidikan, Samuel Smith =260 ##$$a 1986 $b Jakarta =300 ##$$a 270 hlm, 21 cm =650 ##$$a Pendidikan =850 ##$$a NBPNMAT